Requisitos de fícica para el estudio en los Centros de Preparación Profesional y del Idioma de los estudiantes extranjeros de la Universidad Carolina

Bibliographic Details
Main Authors: Čunderlíková, Milada (Author), Ráfl, Jan (Author)
Format: Book
Language:Spanish
PhysicalDescription:41 s. 8°
Published: Praha Státní pedagogické nakladatelství 1989
ISBN:8004251307
Series:Účelové náklady
Subjects:

MARC

LEADER 00000nam a2200000 a 4500
001 vtls001341784
003 SK-MaSNL
005 20260416165152.0
008 251113s1989 xr 0 spa
020 |a 8004251307 
035 |a SNK000294932 
040 |a SNK  |b slo  |c SNK  |e AACR2 
041 0 |a spa 
044 |a CZ 
080 |a 53(075.8)  |2 1981 
100 1 |a Čunderlíková, Milada  |4 aut  |9 276614 
245 1 |a Requisitos de fícica para el estudio en los Centros de Preparación Profesional y del Idioma de los estudiantes extranjeros de la Universidad Carolina  |c Jan Ráfl 
260 |a Praha  |b Státní pedagogické nakladatelství  |c 1989 
300 |a 41 s.  |c 8° 
490 1 |a Účelové náklady 
650 0 7 |a fyzika  |x učebnice vysokoškolské pre cudzincov  |2 SNK  |9 385888 
700 1 |a Ráfl, Jan  |4 aut  |9 385887 
830 0 |a Účelové náklady  |9 291142 
919 |a 80-04-25130-7 
958 |a RK 
958 |a OND 
999 |c 891457  |d 893387 
952 |t P60, <04>, [BOOK], {604}  |a SNK  |b SNK  |y VYP  |7 0  |o snkID 89956  |i snkKIP 1137/90  |0 0  |1 0  |4 0  |d 1998-09-16  |l 0  |r 2005-01-02 00:00:00  |w 2026-02-24 
952 |t P60, <04>, [BOOK], {604}  |a SNK  |b SNK  |y VYP  |7 0  |o snkID 89956 D1  |i snkKIP 1138/90  |0 0  |1 0  |4 0  |d 1998-09-16  |l 0  |r 2005-01-02 00:00:00  |w 2026-02-24